[Event "HUN-chT2 Barcza 1112 "]
[Site "Hungary"]
[Date "2012.05.06"]
[Round "10"]
[White "Molnar, Janos"]
[Black "Csema, Tamas"]
[Result "1-0"]
[WhiteElo "2109"]
[BlackElo "2017"]
[PlyCount "63"]
[EventDate "2011.09.25"]
[EventType "team-tourn"]
[EventRounds "11"]
[EventCountry "HUN"]
[SourceTitle "EXT 2013"]
[Source "ChessBase"]
[SourceDate "2012.11.22"]
[SourceVersion "1"]
[SourceVersionDate "2012.11.22"]
[SourceQuality "1"]
[WhiteTeam "Piremon"]
[BlackTeam "DEAC"]
[WhiteTeamCountry "HUN"]
[BlackTeamCountry "HUN"]

1. d4 e6 2. e4 d5 3. Nc3 dxe4 4. Nxe4 Bd7 5. Nf3 Bc6 6. Bd3 Nd7 7. Qe2 Ngf6 8. 0-0 Nxe4 9. Bxe4 Bxe4 10. Qxe4 c6 11. Bg5 Be7 12. Bxe7 Qxe7 13. Rfe1 0-0 14. Rad1 Rad8 15. Rd3 Nf6 16. Qh4 c5 17. Rc3 cxd4 18. Rc4 d3 19. c3 b5 20. Rb4 Qc5 21. Nd2 a5 22. Rf4 Rd5 23. Rf3 Rfd8 24. Rg3 Kh8 25. Ree3 b4 26. c4 Rd4 27. Qg5 Qxg5 28. Rxg5 Ng4 29. Re1 e5 30. f3 f6 31. Rxg4 Rxg4 32. fxg4 1-0

[Event "HUN-chT2 Barcza 0708"]
[Site "Hungary"]
[Date "2008.03.02"]
[Round "7"]
[White "Kantor, Jozsef"]
[Black "Csema, Tamas"]
[Result "0-1"]
[WhiteElo "2041"]
[BlackElo "2039"]
[PlyCount "104"]
[EventDate "2007.10.14"]
[EventType "team"]
[EventRounds "11"]
[EventCountry "HUN"]
[SourceTitle "EXT 2009"]
[Source "ChessBase"]
[SourceDate "2008.11.26"]
[SourceVersion "1"]
[SourceVersionDate "2008.11.26"]
[SourceQuality "1"]
[WhiteTeam "Mezokovesd"]
[BlackTeam "Miskolc II"]
[WhiteTeamCountry "HUN"]
[BlackTeamCountry "HUN"]

1. d4 e6 2. c4 d5 3. Nc3 c6 4. e3 Nf6 5. Bd3 Bd6 6. Nf3 Nbd7 7. 0-0 dxc4 8. Bxc4 0-0 9. Re1 e5 10. Qc2 b5 11. Bd3 Bb7 12. Ne4 Qe7 13. Nxd6 Qxd6 14. b3 exd4 15. exd4 Rfe8 16. Bb2 a6 17. Rad1 Rac8 18. h3 Rxe1+ 19. Nxe1 Kh8 20. Qe2 Nd5 21. Qh5 N7f6 22. Qf3 b4 23. Rc1 Ra8 24. Bc4 a5 25. Nd3 Ba6 26. Ne5 Kg8 27. Bf1 Bxf1 28. Rxc6 Bxg2 29. Kxg2 Qd8 30. Nc4 Qe8 31. Rc5 Qe6 32. Nxa5 Ne4 33. Rc6 Qe8 34. Qf5 Nef6 35. Rc5 g6 36. Qe5 Qd7 37. a4 bxa3 38. Bxa3 Re8 39. Qg5 Re4 40. Nc6 Nf4+ 41. Qxf4 Rxf4 42. Bb2 Rh4 43. Rc3 Nd5 44. Ne5 Qb7 45. Kg3 Nxc3 46. Kxh4 Qe4+ 47. Kg3 Ne2+ 48. Kh2 Nf4 49. Kg3 Qg2+ 50. Kxf4 Qxf2+ 51. Ke4 Qxb2 52. d5 f5+ 0-1

[Event "HUN-chT2 Barcza 0708"]
[Site "Hungary"]
[Date "2008.02.17"]
[Round "6"]
[White "Zelei, Imre"]
[Black "Csema, Tamas"]
[Result "1/2-1/2"]
[WhiteElo "1902"]
[BlackElo "2039"]
[PlyCount "77"]
[EventDate "2007.10.14"]
[EventType "team"]
[EventRounds "11"]
[EventCountry "HUN"]
[SourceTitle "EXT 2009"]
[Source "ChessBase"]
[SourceDate "2008.11.26"]
[SourceVersion "1"]
[SourceVersionDate "2008.11.26"]
[SourceQuality "1"]
[WhiteTeam "Tiszaujvaros"]
[BlackTeam "Miskolc II"]
[WhiteTeamCountry "HUN"]
[BlackTeamCountry "HUN"]

1. e4 e6 2. d4 d5 3. exd5 exd5 4. Nf3 Nf6 5. Bd3 Bd6 6. 0-0 0-0 7. h3 h6 8. Re1 Re8 9. Be3 Ne4 10. c4 c6 11. Nc3 Be6 12. cxd5 Bxd5 13. Nxd5 cxd5 14. Qb3 Qd7 15. Bb5 Nc6 16. Rac1 Rac8 17. Qa4 a6 18. Bxc6 Rxc6 19. Rxc6 Qxc6 20. Qb3 Bb8 21. Rc1 Qd7 22. a4 Kh8 23. a5 f5 24. Ne5 Bxe5 25. dxe5 d4 26. e6 Qd6 27. Rd1 Qxe6 28. Qxe6 Rxe6 29. Rxd4 Rd6 30. Rb4 Rd7 31. Rb6 Kg8 32. b4 Nf6 33. Bc5 Kf7 34. Rd6 Rxd6 35. Bxd6 Ne4 36. Be5 g6 37. h4 Ke6 38. Bc7 h5 39. f3 1/2-1/2

[Event "HUN-chT2 Barcza 0708"]
[Site "Hungary"]
[Date "2007.11.11"]
[Round "2"]
[White "Csema, Tamas"]
[Black "Berek, Geza"]
[Result "1/2-1/2"]
[WhiteElo "2039"]
[BlackElo "2116"]
[PlyCount "109"]
[EventDate "2007.10.14"]
[EventType "team"]
[EventRounds "11"]
[EventCountry "HUN"]
[SourceTitle "EXT 2009"]
[Source "ChessBase"]
[SourceDate "2008.11.26"]
[SourceVersion "1"]
[SourceVersionDate "2008.11.26"]
[SourceQuality "1"]
[WhiteTeam "Miskolc II"]
[BlackTeam "Debrecen Betu"]
[WhiteTeamCountry "HUN"]
[BlackTeamCountry "HUN"]

1. e4 g6 2. d4 Bg7 3. Be3 c5 4. c3 cxd4 5. cxd4 d5 6. e5 Nh6 7. Bd3 Nc6 8. Ne2 0-0 9. 0-0 Nf5 10. Bxf5 Bxf5 11. Ng3 Be6 12. Qd2 f6 13. f4 fxe5 14. fxe5 Rxf1+ 15. Kxf1 Qb6 16. Kg1 Rc8 17. Nc3 Qb4 18. Nce2 Bd7 19. Rc1 Qb6 20. Nc3 e6 21. Na4 Qd8 22. Nc5 Rc7 23. Bg5 Qe8 24. Ne2 b6 25. Nxd7 Qxd7 26. Qc2 Rc8 27. Qa4 Qb7 28. Rc3 b5 29. Qd1 Na5 30. Rxc8+ Qxc8 31. Qc1 Qxc1+ 32. Bxc1 Nc6 33. Bd2 Bf8 34. Kf2 Bb4 35. Ke3 Be7 36. Kd3 Kf7 37. a3 a5 38. g3 Ke8 39. Nf4 Kd7 40. Nh3 Kc7 41. Nf4 Kd7 42. Nh3 Bd8 43. b3 a4 44. b4 Be7 45. Ng1 Na7 46. Nf3 Nc8 47. g4 Nb6 48. Kc3 Nc4 49. Bc1 Ke8 50. h3 Kf7 51. Kd3 Kg7 52. Kc3 h6 53. h4 Kh7 54. Kd3 h5 55. g5 1/2-1/2

[Event "HUN-chT2 Maroczy 0607"]
[Site "Hungary"]
[Date "2007.04.15"]
[Round "8"]
[White "Rendi, Eva"]
[Black "Csema, Tamas"]
[Result "1-0"]
[WhiteElo "2143"]
[BlackElo "2000"]
[PlyCount "63"]
[EventDate "2006.11.12"]
[EventType "team"]
[EventRounds "11"]
[EventCountry "HUN"]
[SourceTitle "EXT 2008"]
[Source "ChessBase"]
[SourceDate "2007.11.25"]
[SourceVersion "1"]
[SourceVersionDate "2007.11.25"]
[SourceQuality "1"]
[WhiteTeam "Sarospatak"]
[BlackTeam "Miskolc EMSE"]
[WhiteTeamCountry "HUN"]
[BlackTeamCountry "HUN"]

1. e4 e6 2. d4 d5 3. Nd2 Nf6 4. e5 Nfd7 5. Bd3 c5 6. c3 Nc6 7. Ne2 a6 8. 0-0 b5 9. Nf3 Be7 10. Nf4 Qb6 11. Be3 Bb7 12. Nh5 g6 13. Ng7+ Kd8 14. Ng5 Bxg5 15. Bxg5+ Kc7 16. Qf3 Raf8 17. a4 cxd4 18. cxd4 Qxd4 19. Rfc1 Ndxe5 20. Qg3 b4 21. Bf6 Kd7 22. Rxc6 Bxc6 23. Bxe5 Qc5 24. Qf4 Rhg8 25. Rc1 Qe7 26. Bf6 Qd6 27. Qd4 Ra8 28. Be5 Qe7 29. Qb6 Rgc8 30. Bxa6 Rxa6 31. Qxa6 Qg5 32. f4 1-0

[Event "HUN-chT2 Barcza 0607"]
[Site "Hungary"]
[Date "2007.02.18"]
[Round "5"]
[White "Csema, Tamas"]
[Black "Hunko, Gyorgy"]
[Result "1-0"]
[WhiteElo "2000"]
[BlackElo "2056"]
[PlyCount "84"]
[EventDate "2006.11.12"]
[EventType "team"]
[EventRounds "11"]
[EventCountry "HUN"]
[SourceTitle "EXT 2008"]
[Source "ChessBase"]
[SourceDate "2007.11.25"]
[SourceVersion "1"]
[SourceVersionDate "2007.11.25"]
[SourceQuality "1"]
[WhiteTeam "Miskolc EMSE II"]
[BlackTeam "Mezokovesd"]
[WhiteTeamCountry "HUN"]
[BlackTeamCountry "HUN"]

1. e4 c5 2. c3 d5 3. exd5 Qxd5 4. d4 cxd4 5. cxd4 Nc6 6. Nf3 e6 7. a3 Nf6 8. Nc3 Qd8 9. Bc4 Be7 10. 0-0 0-0 11. Be3 Bd7 12. Ne5 Rc8 13. Ba2 Qa5 14. f4 Rfd8 15. Qf3 Be8 16. Rad1 Bxa3 17. Nc4 Qb4 18. Nxa3 Nxd4 19. Rxd4 Rxd4 20. Bxd4 Qxd4+ 21. Qf2 Qb4 22. Qd2 Bc6 23. Rd1 h6 24. Nc4 Ng4 25. h3 Nf6 26. Qd6 a5 27. Qxb4 axb4 28. Nb6 Rc7 29. Ne2 Be4 30. Rc1 Rc6 31. Rxc6 bxc6 32. Kf2 Kf8 33. Nc4 c5 34. Nd2 Bd5 35. Bc4 Ke7 36. b3 Kd6 37. Nc1 Nd7 38. Nd3 f6 39. g3 Nb6 40. Ke3 Bg2 41. h4 Nd5+ 42. Kf2 Bh3 1-0

[Event "HUN-chT2 Maroczy 0405"]
[Site "Hungary"]
[Date "2005.01.23"]
[Round "6"]
[White "Gara, Peter"]
[Black "Csema, Tamas"]
[Result "0-1"]
[WhiteElo "2211"]
[BlackElo "1906"]
[PlyCount "80"]
[EventDate "2004.09.26"]
[EventType "team"]
[EventRounds "11"]
[EventCountry "HUN"]
[SourceTitle "EXT 2008"]
[Source "ChessBase"]
[SourceDate "2007.11.25"]
[SourceVersion "1"]
[SourceVersionDate "2007.11.25"]
[SourceQuality "1"]
[WhiteTeam "Matra"]
[BlackTeam "Miskolc"]
[WhiteTeamCountry "HUN"]
[BlackTeamCountry "HUN"]

1. e4 e6 2. Nf3 d5 3. e5 c5 4. b4 c4 5. c3 a5 6. bxa5 Rxa5 7. d4 Bd7 8. g3 Nc6 9. Bg2 b5 10. 0-0 Qb6 11. Be3 Qa6 12. Nfd2 Nge7 13. g4 Rxa2 14. Rxa2 Qxa2 15. f4 g6 16. Rf2 Qa5 17. Nf3 h5 18. h3 Bg7 19. Ng5 hxg4 20. hxg4 Bh6 21. Nf3 b4 22. cxb4 Nxb4 23. Bd2 Qb6 24. Bf1 Nbc6 25. g5 Bf8 26. Bc3 Nf5 27. Rb2 Qa7 28. Rd2 Bb4 29. Bxb4 Nxb4 30. Nc3 0-0 31. Nh2 Nc6 32. Nb5 Qb6 33. Ng4 Qxb5 34. Nf6+ Kg7 35. Nxd7 Rd8 36. Nf6 Rh8 37. Qa1 Qb3 38. Qe1 Ncxd4 39. Bg2 Nf3+ 40. Bxf3 Qxf3 0-1

[Event "Infotozsde op 10th"]
[Site "Fuzesabony"]
[Date "2001.09.07"]
[Round "1"]
[White "Paal, Attila"]
[Black "Csema, Tamas"]
[Result "1-0"]
[WhiteElo "2157"]
[BlackElo "1779"]
[PlyCount "77"]
[EventDate "2001.09.07"]
[EventType "swiss"]
[EventRounds "7"]
[EventCountry "HUN"]
[SourceTitle "EXT 2004"]
[Source "ChessBase"]
[SourceDate "2003.11.25"]
[SourceVersion "1"]
[SourceVersionDate "2003.11.25"]
[SourceQuality "1"]

1. e4 e6 2. d4 d5 3. Nd2 dxe4 4. Nxe4 Bd7 5. Nf3 Bc6 6. Bd3 Nd7 7. 0-0 Ngf6 8. Ng3 Bd6 9. Re1 0-0 10. Ne5 Ne8 11. Nh5 Qe7 12. Qg4 f5 13. Nxc6 bxc6 14. Qf3 Qf7 15. Nf4 Bxf4 16. Bxf4 Nd6 17. Qxc6 Nf6 18. Bxd6 cxd6 19. Rxe6 Qxe6 20. Bc4 Qxc4 21. Qxc4+ d5 22. Qd3 g6 23. Re1 Rfe8 24. Re5 Rad8 25. f3 Rxe5 26. dxe5 Ne8 27. Qd4 a6 28. Qb6 Ra8 29. Qc6 Rb8 30. Qxd5+ Kh8 31. e6 Ng7 32. e7 Re8 33. Qf7 h5 34. c4 Kh7 35. c5 Kh6 36. c6 Kh7 37. c7 a5 38. Qxe8 Nxe8 39. c8Q 1-0

[Event "Infotozsde op 9th"]
[Site "Fuzesabony"]
[Date "2001.09.01"]
[Round "3.12"]
[White "Csema, Tamas"]
[Black "Besnyo, Marton"]
[Result "1-0"]
[WhiteElo "1779"]
[BlackElo "1867"]
[PlyCount "197"]
[EventDate "2001.08.31"]
[EventType "swiss"]
[EventRounds "7"]
[EventCountry "HUN"]
[SourceTitle "EXT 2004"]
[Source "ChessBase"]
[SourceDate "2003.11.25"]
[SourceVersion "1"]
[SourceVersionDate "2003.11.25"]
[SourceQuality "1"]

1. e4 d5 2. exd5 Qxd5 3. Nc3 Qa5 4. d4 Bf5 5. Nf3 Nf6 6. Bb5+ c6 7. Bd3 e6 8. 0-0 Bd6 9. Bg5 Nbd7 10. Re1 0-0-0 11. Ne4 Bb8 12. Nxf6 gxf6 13. Bd2 Qc7 14. Bxf5 exf5 15. Re7 h5 16. Qe2 h4 17. h3 Rhg8 18. Re1 b5 19. Qd3 Rg7 20. Qxf5 Rdg8 21. Re8+ Kb7 22. Rxg8 Rxg8 23. Qh7 Rd8 24. Qxh4 Qd6 25. Re4 Bc7 26. Bf4 Qd5 27. Bxc7 Kxc7 28. Qf4+ Kb6 29. a3 Qa2 30. Qc1 Nf8 31. b3 Ne6 32. Re1 Nxd4 33. Nxd4 Rxd4 34. Qa1 Qxa1 35. Rxa1 Rd2 36. Rc1 a5 37. Kf1 c5 38. Ke1 Rd5 39. Rd1 Re5+ 40. Kf1 Kc6 41. f4 Re4 42. g3 b4 43. axb4 cxb4 44. h4 Re8 45. Kf2 Ra8 46. Kf3 a4 47. bxa4 Rxa4 48. Rb1 Kc5 49. Ke4 Ra3 50. Rb3 Ra2 51. c3 bxc3 52. Rxc3+ Kd6 53. Kf5 Ke7 54. Rc7+ Kf8 55. Kxf6 Ra6+ 56. Kg5 Kg7 57. h5 Rb6 58. Rd7 Ra6 59. g4 Ra5+ 60. f5 Ra6 61. Re7 Rb6 62. Kf4 Kf6 63. Re4 Rb1 64. g5+ Kg7 65. f6+ Kh7 66. Kf5 Rh1 67. h6 Rf1+ 68. Rf4 Re1 69. Re4 Rf1+ 70. Kg4 Rg1+ 71. Kf4 Kg6 72. Re5 Rf1+ 73. Ke4 Rd1 74. Rd5 Re1+ 75. Kd4 Rc1 76. Re5 Rd1+ 77. Kc5 Rd8 78. Rd5 Rc8+ 79. Kd6 Rd8+ 80. Kc6 Re8 81. Kc7 Re1 82. Rd8 Rc1+ 83. Kd7 Rd1+ 84. Ke7 Re1+ 85. Kf8 Re5 86. Rd7 Ra5 87. Re7 Rb5 88. h7 Rb8+ 89. Re8 Rxe8+ 90. Kxe8 Kxh7 91. Kxf7 Kh8 92. Ke7 Kh7 93. f7 Kg6 94. f8Q Kxg5 95. Qf3 Kg6 96. Qf4 Kh5 97. Qg3 Kh6 98. Kf7 Kh7 99. Qg7# 1-0

[Event "Infotozsde op 9th"]
[Site "Fuzesabony"]
[Date "2001.08.31"]
[Round "1.8"]
[White "Csema, Tamas"]
[Black "Paal, Attila"]
[Result "0-1"]
[WhiteElo "1779"]
[BlackElo "2167"]
[PlyCount "58"]
[EventDate "2001.08.31"]
[EventType "swiss"]
[EventRounds "7"]
[EventCountry "HUN"]
[SourceTitle "EXT 2004"]
[Source "ChessBase"]
[SourceDate "2003.11.25"]
[SourceVersion "1"]
[SourceVersionDate "2003.11.25"]
[SourceQuality "1"]

1. e4 Nf6 2. Nc3 d6 3. Nf3 c5 4. d3 Nc6 5. Be2 g6 6. 0-0 Bg7 7. Be3 0-0 8. Qd2 Ng4 9. Bf4 Nd4 10. Nxd4 Bxd4 11. h3 Nf6 12. Be3 Bxe3 13. fxe3 Be6 14. d4 Qb6 15. b3 Rac8 16. Na4 Qc7 17. Bd3 c4 18. bxc4 Bxc4 19. Rfc1 Qc6 20. Bxc4 Qxc4 21. Nb2 Qe6 22. Qd3 Nxe4 23. d5 Qf6 24. Qxe4 Qxb2 25. Qxe7 Qb6 26. Rcb1 Qc5 27. Rxb7 Qxd5 28. Rd7 Rxc2 29. e4 Qd2 0-1